000 00250nam a22001217a 4500
008 170504b xxu||||| |||| 00| 0 eng d
041 _aeng
080 _a34
100 _a13
101 _aSHJ
245 _aMUSEUM LAW
_cPHELAN.M.E
942 _2udc
_cBK
999 _c12614
_d12614